| 000 | 00857nam a22002297a 4500 | ||
|---|---|---|---|
| 999 |
_c9481 _d9481 |
||
| 003 | AR-CdUCM | ||
| 008 | 190328b ||||| |||| 00| 0 spa d | ||
| 040 |
_aMUNICIPALIDAD PROVINCIAL DEL CUSCO _cBIBLIOTECA MUNICIPAL DEL CUSCO |
||
| 041 | _hdut | ||
| 082 |
_a392.5 / _bST79 |
||
| 100 |
_aStekel, Wilhelm _95610 |
||
| 245 | _aEl Matrimonio Moderno / | ||
| 260 |
_aBuenos Aires : _bEdiciones Imán ; _c1943. |
||
| 300 |
_a186 páginas ; _c21cm |
||
| 440 |
_aBiblioteca Psicoanalítica _97904 |
||
| 505 | _aContenido: Transformaciones del matrimonio -- Matrimonio libre y no amor libre -- Una doble moral como resultado del dominio exclusivo de uno de los sexos -- El amor psíquico... | ||
| 650 |
_aMatrimonio _917105 |
||
| 650 |
_aVida psíquica _925699 |
||
| 700 |
_aEtchebehere, Mika (traducción) _925700 |
||
| 942 |
_2ddc _cLIBROS |
||
| 945 | _anom | ||